000 00300nam a22001337a 4500
008 171019b xxu||||| |||| 00| 0 eng d
020 _a9780521781183
041 _aeng
080 _a338
100 _a53
101 _amen
245 _aMANAGEMENT CECISION MAKING
_cMONAHAN.G.E
942 _2udc
_cBK
999 _c34911
_d34911